000 00544nam a2200181 i 4500
001 149537
003 ES-MaACL
007 t|
008 071023s1974 sp ||||1| spa d
100 0 _aVázquez Montalbán, Manuel,
_d1939-
_9113463
245 1 0 _aCuestiones marxistas /
_cManuel Vázquez Montalbán.
260 _aBarcelona :
_bAnagrama,
_c[1974]
300 _a143 p. ;
_c20 cm.
490 1 _aSerie informal ;
_v22
830 0 _aSerie informal ;
_v22
_9182390
852 _aES-MaACL
_jE-6583
_bR.90758
999 _c149537
_d149537